000 00628nam a2200253Ia 4500
003 OSt
005 20221005114514.0
006 a|||||r|||| 00| 0
007 ta
008 221004b |||||||| |||| 00| 0 tam d
024 _a49021
037 _cTextual
040 _aCRL
_cCRL
_btam
041 _2tam
_atam
082 _aO31,1NPA2x, L4
100 _aParinaman Au.
_9626056
245 0 _aAuguslum octobolum
260 _c1974
300 _a100p.
_ccm.
650 _a TAMIL POETRY
650 _aTAMIL LITERATURE
942 _hO31,1NPA2x, L4
_cTEXL
_2cc
999 _c1031514
_d1031514